书目信息 |
| 书名: | Case studies in information and computer ethics | |
| 作者: | Richard A.Spinello. | |
| 分册号: | ||
| 分册名: | 出版地: | Englewood Cliffs, N.J : |
|
| 出版社: | Prentice Hall | |
| 出版时间: | 1997. | |
| 页数: | 285 p. ; | |
| 开本: | 22cm. | |
| 丛书名: | ||
| 中图分类号: | ||
| 科图分类号: | ||
| 其他分类号: | N37 | |
| 主题词: | ||
| 电子资源: | ||
| 000 | 00430nam 2200145 a 4500 | |
| 001 | E0460898366 | |
| 005 | 2004122116545835 | |
| 008 | 041221s1997 00010 eng | |
| 020 | @a0-135-33845-X :@cRMB 12.00. | |
| 040 | @aPFT@beng | |
| 090 | @aN37 | |
| 099 | @dN37@eS757 | |
| 245 | @aCase studies in information and computer ethics / @cRichard A.Spinello. | |
| 260 | @aEnglewood Cliffs, N.J :@bPrentice Hall,@c1997. | |
| 300 | @a285 p. ;@c22cm. | |
| Case studies in information and computer ethics / / Richard A.Spinello.-Englewood Cliffs, N.J : : Prentice Hall, , 1997. |
| 285 p. ; ; 22cm. |
| ISBN 0-135-33845-X :RMB 12.00. |
| ● |
| 相关链接 |
|
|
|
正题名:Case studies in information and computer
索取号:N37/S757
 
预约/预借
| 序号 | 登录号 | 条形码 | 馆藏地/架位号 | 状态 | 备注 |
| 1 | 04951 | 300049515 | 自科库401/401自科库 139排2列4层/ [索取号:N37/S757] | 在馆 | |
| 2 | 04974 | 300049748 | 自科库401/401自科库 139排2列4层/ [索取号:N37/S757] | 在馆 |